[Event "VIE-chT (Women)"]
[Site "Hanoi"]
[Date "2023.04.18"]
[Round "2"]
[White "Ha, Phuong Hoang Mai"]
[Black "Bui, Thi Ngoc Chi"]
[Result "0-1"]
[WhiteElo "1884"]
[BlackElo "1477"]
[PlyCount "94"]
[EventDate "2023.04.18"]
[EventType "swiss"]
[EventRounds "9"]
[EventCountry "VIE"]
[SourceTitle "EXT 2024"]
[Source "ChessBase"]
[SourceDate "2023.10.10"]
[SourceVersion "1"]
[SourceVersionDate "2023.10.10"]
[SourceQuality "1"]

1. Nf3 e6 2. g3 f5 3. Bg2 Nf6 4. 0-0 Be7 5. c4 0-0 6. d4 d6 7. Nc3 Ne4 8. Nxe4 fxe4 9. Nd2 d5 10. f3 exf3 11. Nxf3 Bf6 12. e3 c6 13. Qe2 b5 14. cxb5 cxb5 15. e4 Bb7 16. e5 Be7 17. Be3 b4 18. Qd2 a5 19. Ng5 Rxf1+ 20. Rxf1 Bxg5 21. Bxg5 Qd7 22. h4 Nc6 23. h5 Ba6 24. Rf2 Rf8 25. Rxf8+ Kxf8 26. Qc2 Kg8 27. Qc5 h6 28. Be3 Bc4 29. Bf1 Bxf1 30. Kxf1 Qc8 31. Kg2 Qa6 32. Bf2 Kf7 33. Qc2 Ne7 34. g4 Qc4 35. Qxc4 dxc4 36. Kf3 Nd5 37. Be1 g6 38. Bd2 Kg7 39. Ke2 g5 40. Kd1 Kf7 41. a3 Ke7 42. axb4 axb4 43. Kc2 Kd7 44. Be1 Kc6 45. Bd2 Kb5 46. b3 c3 47. Be1 Nf4 0-1

[Event "VIE-ch U13 Girls"]
[Site "Ho Chi Minh City"]
[Date "2022.07.16"]
[Round "8"]
[White "Nguyen, Thuy Linh1111"]
[Black "Bui, Thi Ngoc Chi"]
[Result "0-1"]
[WhiteElo "2145"]
[BlackElo "2143"]
[PlyCount "138"]
[EventDate "2022.07.11"]
[EventType "swiss"]
[EventRounds "9"]
[EventCountry "VIE"]
[SourceTitle "EXT 2023"]
[Source "ChessBase"]
[SourceDate "2022.10.05"]
[SourceVersion "1"]
[SourceVersionDate "2022.10.05"]
[SourceQuality "1"]

1. d4 e6 2. c4 f5 3. g3 Nf6 4. Bg2 Be7 5. Nc3 0-0 6. Nf3 d6 7. 0-0 Ne4 8. Qc2 Nxc3 9. Qxc3 a5 10. b3 Bf6 11. Bb2 Nc6 12. Qc2 e5 13. dxe5 dxe5 14. Ba3 Nb4 15. Bxb4 axb4 16. e4 g6 17. Rad1 Qe7 18. Rfe1 c6 19. Rd2 fxe4 20. Qxe4 Bf5 21. Qe2 Rfe8 22. Red1 Qc5 23. h3 Ra5 24. Nh2 Bg5 25. Rb2 e4 26. g4 e3 27. Kh1 Bf6 28. Rbd2 Raa8 29. fxe3 Be4 30. Bxe4 Rxe4 31. Qf3 Qe5 32. Nf1 Bg5 33. Rf2 Qe6 34. Rd3 Re8 35. Rd4 Rxd4 36. exd4 Bh4 37. d5 cxd5 38. cxd5 Qe1 39. Qf7+ Kh8 40. Rf3 Rd8 41. Re3 Qc1 42. Qf4 Qd1 43. Re5 Kg7 44. Re4 Rf8 45. Qe5+ Bf6 46. Qc7+ Rf7 47. Qc4 Bg5 48. Kg1 Qf3 49. Qd4+ Kh6 50. Re1 Qxh3 51. Nh2 Qg3+ 52. Kh1 Rf2 53. Qxf2 Qxf2 54. Rf1 Qd2 55. Nf3 Qxd5 56. Kg2 Kg7 57. Re1 Bf6 58. Re2 Kf7 59. Rd2 Qe4 60. Rd7+ Ke6 61. Rxh7 Qxg4+ 62. Kf2 Bd4+ 63. Nxd4+ Qxd4+ 64. Kg3 g5 65. Rh2 Qf4+ 66. Kh3 g4+ 67. Kg2 Qf3+ 68. Kg1 g3 69. Rh6+ Ke5 0-1

[Event "VIE-ch U13 Girls"]
[Site "Hanoi"]
[Date "2022.06.15"]
[Round "6"]
[White "Bui, Thi Ngoc Chi"]
[Black "Nguyen, Thuy Linh1111"]
[Result "1/2-1/2"]
[WhiteElo "2155"]
[BlackElo "2145"]
[PlyCount "120"]
[EventDate "2022.06.11"]
[EventType "swiss"]
[EventRounds "9"]
[EventCountry "VIE"]
[SourceTitle "EXT 2023"]
[Source "ChessBase"]
[SourceDate "2022.10.05"]
[SourceVersion "1"]
[SourceVersionDate "2022.10.05"]
[SourceQuality "1"]

1. d4 Nf6 2. Nf3 d5 3. e3 Bf5 4. c4 e6 5. Qb3 Qc8 6. Nc3 c6 7. Be2 Be7 8. 0-0 0-0 9. Nh4 Bg6 10. Nxg6 hxg6 11. Bd2 Nbd7 12. Rac1 dxc4 13. Bxc4 Nb6 14. Bd3 Qd7 15. Ne2 Rfd8 16. Rfd1 Rac8 17. Ba5 Qd5 18. Qxd5 Rxd5 19. Be1 Rd7 20. Kf1 Rcd8 21. Bc2 Nbd5 22. h3 Nb4 23. Bb3 Nbd5 24. a3 Nb6 25. Nf4 g5 26. Nd3 Rb8 27. f3 Nfd5 28. Ke2 Bd6 29. Nc5 Rdd8 30. Ne4 Be7 31. Bg3 Rbc8 32. Nc5 Bxc5 33. Rxc5 Nd7 34. Rcc1 N7b6 35. Kf2 Rd7 36. Rc5 Rcd8 37. e4 Nf6 38. Rxg5 Nh7 39. Ra5 Rxd4 40. Rxd4 Rxd4 41. Ke3 Rd7 42. Rxa7 Nf6 43. a4 Kh7 44. a5 Nc8 45. Ra8 Ne7 46. Bc2 Ng6 47. Rc8 e5 48. Bb3 Nh5 49. Bh2 Nhf4 50. Bxf4 Nxf4 51. Kf2 Rd2+ 52. Ke1 Rxb2 53. Bxf7 Nxg2+ 54. Kd1 Nf4 55. Bg8+ Kg6 56. a6 bxa6 57. Rxc6+ Kg5 58. Rxa6 Kh4 59. Ra5 Nxh3 60. Kc1 Rb8 1/2-1/2

[Event "VIE-ch U13 Girls"]
[Site "Hanoi"]
[Date "2022.06.13"]
[Round "3"]
[White "Bui, Thi Ngoc Chi"]
[Black "Le, Dang Bao Ngoc"]
[Result "1/2-1/2"]
[WhiteElo "2155"]
[BlackElo "2140"]
[PlyCount "38"]
[EventDate "2022.06.11"]
[EventType "swiss"]
[EventRounds "9"]
[EventCountry "VIE"]
[SourceTitle "EXT 2023"]
[Source "ChessBase"]
[SourceDate "2022.10.05"]
[SourceVersion "1"]
[SourceVersionDate "2022.10.05"]
[SourceQuality "1"]

1. d4 e6 2. Nd2 d5 3. e3 Bd6 4. Bd3 c5 5. c3 Nc6 6. Ngf3 f5 7. 0-0 Nf6 8. h3 Ne4 9. Ne1 cxd4 10. exd4 0-0 11. Nxe4 fxe4 12. Be2 Qe7 13. f3 Qh4 14. Qd2 Bf4 15. Qc2 Bd6 16. Qd2 Bf4 17. Qd1 Bd6 18. Qd2 Bf4 19. Qd1 Bd6 1/2-1/2

[Event "Hanoi (Women) op 12"]
[Site "Hanoi"]
[Date "2022.??.??"]
[Round "7"]
[White "Bui, Thi Ngoc Chi"]
[Black "Le, Thi Thu Huong"]
[Result "1/2-1/2"]
[WhiteElo "1369"]
[BlackElo "1914"]
[PlyCount "68"]
[EventDate "2022.12.11"]
[EventType "swiss"]
[EventRounds "9"]
[EventCountry "VIE"]
[SourceTitle "CBM 211 Extra"]
[Source "ChessBase"]
[SourceDate "2023.01.31"]
[SourceVersion "1"]
[SourceVersionDate "2023.01.31"]
[SourceQuality "1"]

1. d4 d5 2. Nf3 Nf6 3. e3 g6 4. b4 a5 5. b5 Bg7 6. Bb2 Nbd7 7. Bd3 0-0 8. Nbd2 c5 9. bxc6 bxc6 10. 0-0 Re8 11. c4 Ba6 12. Qe2 c5 13. cxd5 Bxd3 14. Qxd3 Nxd5 15. a3 cxd4 16. Nxd4 Ne5 17. Qe2 Rc8 18. Rac1 Rxc1 19. Rxc1 Qb6 20. Ba1 h5 21. h3 Qb7 22. Rb1 Qc8 23. Qb5 Rd8 24. N2b3 Nc3 25. Bxc3 Qxc3 26. Rc1 Qb2 27. Qxa5 Rb8 28. Qc7 Rxb3 29. Nxb3 Qxb3 30. Qxe7 Nd3 31. Rf1 Bf8 32. Qd8 Qxa3 33. Rd1 Nc5 34. Qd5 Ne6 1/2-1/2

[Event "Hanoi (Women) op 12"]
[Site "Hanoi"]
[Date "2022.??.??"]
[Round "2"]
[White "Le, Phu Nguyen Thao"]
[Black "Bui, Thi Ngoc Chi"]
[Result "0-1"]
[WhiteElo "1940"]
[BlackElo "1369"]
[PlyCount "71"]
[EventDate "2022.12.11"]
[EventType "swiss"]
[EventRounds "9"]
[EventCountry "VIE"]
[SourceTitle "CBM 211 Extra"]
[Source "ChessBase"]
[SourceDate "2023.01.31"]
[SourceVersion "1"]
[SourceVersionDate "2023.01.31"]
[SourceQuality "1"]

1. Nf3 e6 2. g3 f5 3. Bg2 Nf6 4. 0-0 Be7 5. c4 0-0 6. Nc3 d6 7. d4 Ne4 8. Qc2 Nxc3 9. Qxc3 a5 10. Rd1 Qe8 11. a3 Bf6 12. c5 Qe7 13. Qc2 Nc6 14. cxd6 cxd6 15. Be3 d5 16. Rac1 Bd7 17. Bf4 Rfc8 18. Qd2 a4 19. Ne5 Bxe5 20. dxe5 Na5 21. Bg5 Qe8 22. Rxc8 Bxc8 23. Qb4 Nc4 24. e4 fxe4 25. Bf4 Qf8 26. Qc3 b5 27. f3 Qc5+ 28. Rd4 exf3 29. Bxf3 Rb8 30. Kg2 b4 31. axb4 Rxb4 32. Bc1 Rb3 33. Rxc4 dxc4 34. Qd2 Rd3 35. Qf4 Qf8 36. Qe4 0-1

[Event "Hanoi (Women) op 12"]
[Site "Hanoi"]
[Date "2022.??.??"]
[Round "6"]
[White "Tran, Thi Hong Ngoc"]
[Black "Bui, Thi Ngoc Chi"]
[Result "0-1"]
[WhiteElo "1960"]
[BlackElo "1369"]
[PlyCount "106"]
[EventDate "2022.12.11"]
[EventType "swiss"]
[EventRounds "9"]
[EventCountry "VIE"]
[SourceTitle "CBM 211 Extra"]
[Source "ChessBase"]
[SourceDate "2023.01.31"]
[SourceVersion "1"]
[SourceVersionDate "2023.01.31"]
[SourceQuality "1"]

1. d4 e6 2. c4 f5 3. g3 Nf6 4. Bg2 Bb4+ 5. Bd2 Qe7 6. a3 Bxd2+ 7. Nxd2 d6 8. Qc2 Nc6 9. Ngf3 0-0 10. e4 e5 11. d5 fxe4 12. Nxe4 Nd8 13. Nfd2 Bf5 14. 0-0 Nf7 15. Rae1 Nxe4 16. Bxe4 Bxe4 17. Nxe4 Nh6 18. b4 Nf5 19. f4 Rae8 20. Ng5 g6 21. Ne6 Rf6 22. fxe5 dxe5 23. Rxe5 Nxg3 24. Rfe1 Nf5 25. Nc5 Qxe5 26. Rxe5 Rxe5 27. Nd7 Re1+ 28. Kf2 Rf1+ 29. Kxf1 Ne3+ 30. Ke2 Rf2+ 31. Kxf2 Nxc2 32. Ke2 Kf7 33. b5 Ke7 34. Nc5 Nxa3 35. Kd3 c6 36. bxc6 bxc6 37. dxc6 Kd6 38. Ne4+ Kxc6 39. Kc3 a5 40. Kb3 Nb5 41. cxb5+ Kxb5 42. Kc3 a4 43. Kd4 Kb4 44. Nc3 a3 45. Na2+ Kb3 46. Nc3 g5 47. Kd3 h5 48. Ne2 Kb2 49. Nc3 g4 50. Nd1+ Kb3 51. Nc3 h4 52. Kd2 g3 53. hxg3 h3 0-1

[Event "VIE Cup (Women)"]
[Site "Bac Giang"]
[Date "2018.05.31"]
[Round "2"]
[White "Vu, My Linh"]
[Black "Bui, Thi Ngoc Chi"]
[Result "1-0"]
[WhiteElo "1349"]
[BlackElo "1769"]
[PlyCount "123"]
[EventDate "2018.05.30"]
[EventType "swiss"]
[EventRounds "9"]
[EventCountry "VIE"]
[SourceTitle "CBM 184 Extra"]
[Source "ChessBase"]
[SourceDate "2018.06.28"]
[SourceVersion "1"]
[SourceVersionDate "2018.06.28"]
[SourceQuality "1"]

1. d4 f5 2. Nf3 e6 3. c4 Nf6 4. Nc3 d5 5. g3 c6 6. Bg2 Bd6 7. 0-0 0-0 8. b3 Ne4 9. Bb2 Nd7 10. Nd2 b6 11. f3 Nxd2 12. Qxd2 f4 13. g4 Qg5 14. cxd5 exd5 15. Rac1 Nf6 16. Qe1 Bb7 17. h4 Qg6 18. e4 fxe3 19. Qxe3 Rae8 20. Qd2 c5 21. h5 Qf7 22. Nb5 Be7 23. h6 a6 24. hxg7 Qxg7 25. Nc7 Bd6 26. Nxe8 Rxe8 27. Kh1 Bg3 28. dxc5 bxc5 29. g5 Qg6 30. Bh3 Nh5 31. Qc2 Bf4 32. Qxg6+ hxg6 33. Rfe1 Bxc1 34. Rxe8+ Kf7 35. Rb8 Bxb2 36. Rxb7+ Kf8 37. Rb6 Nf4 38. Bg4 a5 39. Rb5 c4 40. bxc4 Bc1 41. cxd5 Ke7 42. Rxa5 Nd3 43. Ra6 Kf7 44. Be6+ Ke7 45. Bg8 Bxg5 46. Rxg6 Bf6 47. d6+ Kxd6 48. Rxf6+ Ke7 49. Re6+ Kd7 50. a4 Nc5 51. a5 Nxe6 52. Bxe6+ Kxe6 53. a6 Ke5 54. a7 Kf4 55. a8Q Ke3 56. Qe4+ Kf2 57. f4 Kf1 58. Qc2 Ke1 59. Kh2 Kf1 60. Kg3 Ke1 61. Kf3 Kf1 62. Qf2# 1-0

[Event "VIE Cup (Women)"]
[Site "Bac Giang"]
[Date "2018.05.30"]
[Round "1"]
[White "Bui, Thi Ngoc Chi"]
[Black "Tran, Phan Bao Khanh"]
[Result "0-1"]
[WhiteElo "1769"]
[BlackElo "1779"]
[PlyCount "84"]
[EventDate "2018.05.30"]
[EventType "swiss"]
[EventRounds "9"]
[EventCountry "VIE"]
[SourceTitle "CBM 184 Extra"]
[Source "ChessBase"]
[SourceDate "2018.06.28"]
[SourceVersion "1"]
[SourceVersionDate "2018.06.28"]
[SourceQuality "1"]

1. d4 d5 2. e3 Nf6 3. Nd2 c5 4. c3 Nc6 5. Bd3 h6 6. Ngf3 e6 7. 0-0 Be7 8. Re1 0-0 9. Bb1 b6 10. e4 dxe4 11. Nxe4 Nd5 12. Qd3 f5 13. Ng3 cxd4 14. Nxd4 Nxd4 15. Qxd4 Bf6 16. Qd1 Nxc3 17. Qf3 Nd5 18. Rd1 Bb7 19. a3 Qe7 20. Qe2 Rfe8 21. Ba2 Rac8 22. h3 Kh8 23. Re1 Qd7 24. Rb1 Qc6 25. f3 Bh4 26. Qe5 Qc7 27. Nh5 Bxe1 28. Qxe1 Qf7 29. Ng3 Rc2 30. Be3 f4 31. Bd2 fxg3 32. Bb3 Rxd2 33. Qxd2 Qf4 34. Qd1 Rc8 35. Qe2 Rc1+ 36. Rxc1 Qxc1+ 37. Qf1 Qe3+ 38. Kh1 Qxb3 39. Kg1 Qxb2 40. Qe1 Qd4+ 41. Kf1 Ba6+ 42. Qe2 Qd1# 0-1